000 00913nam a2200277 c 4500
999 _c344426
_d344426
003 BLK
005 20200428085755.0
008 180911b bul|||||r ||||||| ||bul||
010 _a004091
040 _aBLK
041 _aHUN
_cBUL
080 _z394(497.2)
100 1 _aVAKARELSKI, Christo
_eпърви автор
_926967
245 0 0 _aVajkeszites es eszkozel a Bolgaroknal
260 _as.l.a
300 _a9 с
_bс ил.
_c25 см
380 _a5
490 _aЧастна колекция - Академик Михаил Арнаудов
_gДарение - Основен фонд
500 _aАвтограф с текст: На г. проф. М. Арнаудов сърдечен дар от автора
501 _aExtr. Ethnographia-Nepelet : Г. XLVIII. - Х 1.
650 _aБит
_9148764
655 _aбългарска етнология
_9396199
700 1 _aChrito Vakarelski
_9399906
852 _aМА 3740
_bМА
942 _cKNG
_n0
_s1
944 _aCR
_c1994
999 _d344426
999 _d344426